Score 0/16 Timer 05:00
6 Plays Today
Question Answer Wrong Answers
Who shares a name with a bird? Captain Jack Sparrow
88.6%
Captain Haddock
5.5%
Captain Kangaroo
5.6%
Who shares a name with a Michael Jackson song? Billie Jean King
77.3%
Björn Borg
8.1%
Martina Navratilova
9.6%
Who shares a name with a Disney animated feature film? Usain Bolt
76.3%
Jesse Owens
7.8%
Paavo Nurmi
11.1%
Who shares a name with a fast food chain? Sonic the Hedgehog
72.9%
Falco Lombardi
21.8%
Link
4.7%
Who shares a name with a Stephen King novel? Carrie Underwood
70.4%
Céline Dion
10.2%
Christina Aguilera
14.2%
Who shares a name with a US president? Grover
69.2%
Oscar the Grouch
15.5%
Aloysius Snuffleupagus
13.3%
Who shares a name with a book of the Old Testament? Ruth Bader Ginsburg
68.4%
Elena Kagan
14.5%
Sonia Sotomayor
12.7%
Who shares a name with a band in the Rock & Roll Hall of Fame? Blondie
62.3%
Snoopy
8.4%
Ziggy
23.3%
Who shares a name with a UK prime minister? Cameron Frye
60.2%
Sloane Peterson
18.4%
Ferris Bueller
15.6%
Who shares a name with a member of the original X-men? Iceman
56.7%
Maverick
18.4%
Goose
20.7%
Who shares a name with a US state? Virginia Woolf
47%
Agatha Christie
22.7%
Jane Austen
26.9%
Who shares a name with a Roman Emperor? Constantine
43.4%
Neo
39.3%
Theodore Logan
10.9%
Who shares a name with a Greek deity? Apollo Creed
43.1%
Diana
15.8%
Juno MacGuff
35.3%
Who shares a name with an English county? Kent Brockman
41.9%
Montgomery Burns
26.5%
Troy McClure
26.8%
Who shares a name with a moon of the solar system? Ariel
41.4%
Tiana
21.9%
Aurora
34.3%
Who shares a name with a pope? Lando Calrissian
31.6%
Emperor Palpatine
25.4%
Luke Skywalker
41.4%
Remove Ads.
Support Sporcle.
Get the best of Sporcle when you Go Orange. This ad-free experience offers more features, more stats, and more fun while also helping to support Sporcle. Thank you for becoming a member.

You're not logged in!

Compare scores with friends on all Sporcle quizzes.
OR
Log In

Show Comments

Extras

Top Quizzes Today


Score Distribution

Your Account Isn't Verified!

In order to create a playlist on Sporcle, you need to verify the email address you used during registration. Go to your Sporcle Settings to finish the process.

Report this User

Report this user for behavior that violates our Community Guidelines.

Details: